| Tag |
First Indicator |
Second Indicator |
Subfields |
| LEADER |
00000cam a2200000 i 4500 |
| 001 |
in00000007033 |
| 005 |
20151004080013.0 |
| 008 |
761027m18901892maua 00011 eng d |
| 035 |
|
|
|a (OCoLC)02533834
|
| 035 |
|
|
|9 AAA1498AM
|
| 040 |
|
|
|a LRU
|c LRU
|d m.c.
|d TXA
|d UtOrBLW
|
| 049 |
|
|
|a [Curr Col] TXAM
|v 5 [A12541483]
|
| 050 |
|
4 |
|a PZ7.A335
|b A4 1890
|
| 100 |
1 |
|
|a Alcott, Louisa May,
|d 1832-1888.
|
| 245 |
1 |
0 |
|a Aunt Jo's scrap-bag /
|c By Louisa M. Alcott.
|
| 264 |
|
1 |
|a Boston :
|b Roberts brothers,
|c 1890-1892.
|
| 300 |
|
|
|a 6 volumes :
|b illustrations ;
|c 17 cm.
|
| 336 |
|
|
|a text
|b txt
|2 rdacontent
|
| 337 |
|
|
|a unmediated
|b n
|2 rdamedia
|
| 338 |
|
|
|a volume
|b nc
|2 rdacarrier
|
| 505 |
0 |
|
|a v. 5. Jimmy's cruise in the pinafore, etc.
|
| 999 |
|
|
|a MARS
|
| 999 |
f |
f |
|s f6fba131-53c8-3183-8332-973bd04628c9
|i 70520db5-a09e-30eb-a9cd-c5c821034981
|t 0
|
| 952 |
f |
f |
|p normal
|a Texas A&M University
|b College Station
|c Sterling C. Evans Library
|d Evans: Curriculum Collection (4th floor)
|t 0
|e PZ7.A335 A4 1890
|h Library of Congress classification
|i unmediated -- volume
|k v.5
|m A14812541483
|
| 998 |
f |
f |
|a PZ7.A335 A4 1890
|s v.5
|t 0
|l Evans: Curriculum Collection (4th floor)
|